| 000 | 00334nmm a2200145 a 4500 | ||
|---|---|---|---|
| 003 | AR-BaBNM | ||
| 005 | 20251128203115.0 | ||
| 008 | 293119s1926 ||||||||||||||000 | spa|| | ||
| 040 | _cAR-BaBNM | ||
| 100 | 1 | _aMecklenburg, Werner | |
| 245 | 1 | 0 | _aTratado de quĂmica |
| 260 |
_a[S.l.] _bG. Gili _c1926 |
||
| 942 | _cBK | ||
| 998 | _cLomberg | ||
| 999 |
_c1924 _d1924 |
||